Name a city containing this word - Statistics

General Stats
  • This quiz has been taken 37 times
  • The average score is 6 of 20
Answer Stats
Word Area City % Correct
Bag Middle East Baghdad
97%
Louse France Toulouse
83%
Lice The Australian Outback Alice Springs
60%
Arm Italy Parma, Darmstadt, Carmel
47%
Loo Alabama Tuscaloosa, Waterloo, Kamloops
43%
Head Merseyside Birkenhead
40%
Dumb Scotland Dumbarton
37%
Arse France Marseille
33%
Grave Kent Gravesend
30%
Bum D.R. Congo Lubumbashi
30%
Leg Brazil Porto Alegre, College Station
27%
Egg Italy Reggio Calabria
27%
Ball Australia Ballarat, Ballymena
23%
Itch Ontario Kitchener, Redditch
20%
Ear Florida Clearwater, Pearland, Dearborn, Bearsden
13%
Pie South Africa Pietermaritzburg
13%
Stop Russia Sevastopol
13%
Rash Iran Rasht
7%
Fat India Fatehpur
3%
Tampon Indonesia Watampone
0%
No matching quizzes found
Score Distribution
Percent of People with Each Score
Percentile by Number Answered
Your Score History
You have not taken this quiz